000 00512nam a2200193Ia 4500
003 GCL
008 140319s9999 xx 000 0 aRus d
040 _aGCL /
_cGCL
082 0 4 _a863
_bC C
100 1 _aCASCALES, ANTONIO
245 1 0 _aCRONICA LONDINENSE DEK RVDO. BLANCO WHITE /
_cCASCALES, ANTONIO
260 _a[S.N] :
_bANAYA & MARIO MUCHNIK ،
_c1994
300 _a204
650 0 4 _aLITERATURE
650 0 4 _aFICTION
650 0 4 _aSPANISH LITERATURE
650 0 4 _aSPANISH FICTION
942 _2ddc
_cBK
999 _c12928
_d12928